Pays dans Naruto - Statistiques

Statistiques générales
  • Ce quiz a été pris 110 fois
  • Le résultat moyen est 8 sur 38
Statistiques - réponses
Hint Réponse % Correct
Les 5 grands pays Pays de l' Eau
99%
Pays du Feu
99%
Pays de la Terre
91%
Pays du Vent
83%
Pays de la Foudre
82%
Pays de la Pluie
50%
Pays du Son
47%
Pays de l' Herbe
27%
Pays du Fer
22%
Pays des Vagues
18%
Pays de la Cascade
17%
Pays de la Lune
14%
Pays de la Pierre
14%
Pays des Sources Chaudes
14%
Pays du Thé
14%
Pays de la Neige
13%
Pays des Rivières
12%
Pays des Tourbillons
10%
Pays de la Mer
8%
Les Pays avec Village Ninja Pays du Bois
8%
Pays du Ciel
8%
Pays des Forêt
6%
Pays des Nouilles
6%
Pays des Rizières
5%
Pays du Gel
5%
Pays des Montagnes
4%
Pays des Ours
4%
Pays des Clefs
3%
Pays des Oiseaux
3%
Pays du Miel
3%
Pays du Printemps
3%
Pays des Marécages
1%
Les Pays sans Village Ninja Pays des Crocs
0%
Pays des Démons
0%
Pays des Griffes
0%
Pays des Haricots Rouges
0%
Pays des Torrents
0%
Pays des Vallées
0%
Aucun quiz correspondant
Distribution des résultats
% des personnes avec chaque résultat
Percentile par nombre de réponses
Votre historique - résultats
Vous n’avez pas pris ce quiz